Sociología de las relaciones internacionales / (Record no. 102543)

MARC details
000 -LEADER
campo de control de longitud fija 00648nam a2200217 i 4500
001 - NÚMERO DE CONTROL
campo de control 102543
003 - IDENTIFICADOR DE NÚMERO DE CONTROL
campo de control ES-MaACL
005 - FECHA Y HORA DE LA ÚLTIMA TRANSACCIÓN
campo de control 20230906183131.0
007 - CAMPO FIJO DE DESCRIPCIÓN FÍSICA--INFORMACIÓN GENERAL
campo de control de longitud fija t|
008 - DATOS DE LONGITUD FIJA--INFORMACIÓN GENERAL
campo de control de longitud fija 051117s1980 sp ||||1| spa d
100 1# - ENTRADA PRINCIPAL--NOMBRE DE PERSONA
Nombre de persona Merle, Marcel.
9 (RLIN) 80568
245 10 - MENCIÓN DEL TÍTULO
Título Sociología de las relaciones internacionales /
Mención de responsabilidad, etc. Marcel Merle; versión de Roberto Mesa.
250 ## - MENCION DE EDICION
Mención de edición [2ª ed.].
260 ## - PUBLICACIÓN, DISTRIBUCIÓN, ETC.
Lugar de publicación, distribución, etc. Madrid :
Nombre del editor, distribuidor, etc. Alianza,
Fecha de publicación, distribución, etc. 1980.
300 ## - DESCRIPCIÓN FÍSICA
Extensión 461 p. ;
Dimensiones 20 cm.
490 1# - MENCIÓN DE SERIE
Mención de serie Alianza universidad ;
Designación de volumen o secuencia 215
700 1# - ENTRADA AGREGADA--NOMBRE PERSONAL
Nombre de persona Mesa, Roberto.
9 (RLIN) 80634
830 0# - PUNTO DE ACCESO ADICIONAL DE SERIE-TÍTULO UNIFORME
Título uniforme Alianza universidad ;
Designación de volumen o secuencia 215
9 (RLIN) 177276
852 ## - LOCALIZACIÓN
Ubicación ES-MaACL
Número de control de estantería A-10859
Sublocalización o colección R.100246
Holdings
Estatus retirado Estado de pérdida Estado de daño No para préstamo Biblioteca de origen Biblioteca actual Ubicación en estantería Fecha de adquisición Fuente de adquisición Total de préstamos Signatura topográfica completa Código de barras Visto por última vez Precio de reemplazo Tipo de ítem Koha
        Biblioteca del Ateneo de Madrid Biblioteca del Ateneo de Madrid Depósito 1 17/01/2008     A-10859 1107049 23/02/2023 23/02/2023 Libro impreso